[Event "South America-ch 2nd"]
[White "Palomino Landeo, Diego Fernando"]
[Black "Quiroz Alva, Gian Carlo Gabriel"]
[Site "Coliseo Miguel Grau"]
[Round "9"]
[Result "0-1"]
[Date "2024.08.03"]
[WhiteElo "1929"]
[BlackElo "1847"]
[PlyCount "32"]
[EventDate "2024.07.29"]
[EventType "swiss"]
[EventRounds "9"]
[EventCountry "PER"]
[SourceTitle "EXT 2025"]
[Source "ChessBase"]
[SourceDate "2024.10.14"]
[SourceVersion "1"]
[SourceVersionDate "2024.10.14"]
[SourceQuality "1"]

1. e4 c6 2. d4 d5 3. Nc3 dxe4 4. Nxe4 Nd7 5. Nf3 Ngf6 6. Nxf6+ Nxf6 7. c3 Bg4 8. h3 Bxf3 9. Qxf3 e6 10. Bc4 Bd6 11. Bg5 h6 12. Bh4 Be7 13. 0-0 Nd5 14. Bg3 Bd6 15. Bxd5 cxd5 16. Bxd6 Qxd6 0-1

[Event "South America-ch 2nd"]
[White "Quiroz Alva, Gian Carlo Gabriel"]
[Black "Vasquez Vargas, Henry Richard"]
[Site "Coliseo Miguel Grau"]
[Round "5"]
[Result "1-0"]
[Date "2024.07.31"]
[WhiteElo "1847"]
[BlackElo "2206"]
[PlyCount "77"]
[EventDate "2024.07.29"]
[EventType "swiss"]
[EventRounds "9"]
[EventCountry "PER"]
[SourceTitle "EXT 2025"]
[Source "ChessBase"]
[SourceDate "2024.10.14"]
[SourceVersion "1"]
[SourceVersionDate "2024.10.14"]
[SourceQuality "1"]

1. d4 Nf6 2. Bf4 e6 3. e3 Be7 4. h3 0-0 5. Nf3 b6 6. Be2 Bb7 7. 0-0 c5 8. c3 cxd4 9. cxd4 d6 10. Nc3 a6 11. Nd2 b5 12. Bf3 Bxf3 13. Qxf3 d5 14. a4 b4 15. Ne2 Nc6 16. Nb3 Qb6 17. Bg5 h6 18. Bh4 Rfc8 19. Rfc1 g5 20. Bg3 Ne4 21. Qh5 Kg7 22. f4 Na5 23. Nxa5 Qxa5 24. fxg5 hxg5 25. Rf1 f6 26. h4 Rh8 27. Qg4 f5 28. Be5+ Kg8 29. Rxf5 Rxh4 30. Rf8+ Rxf8 31. Qxe6+ Rf7 32. Rf1 Rhh7 33. Rc1 Nf6 34. Rc8+ Kg7 35. Ng3 b3 36. Nf5+ Kg6 37. Nxe7+ Kh6 38. Qh3+ Kg7 39. Rg8# 1-0

[Event "South America-ch 2nd"]
[White "Reyes Zavaleta, Fabian Ricardo"]
[Black "Quiroz Alva, Gian Carlo Gabriel"]
[Site "Coliseo Miguel Grau"]
[Round "4"]
[Result "1/2-1/2"]
[Date "2024.07.31"]
[WhiteElo "2139"]
[BlackElo "1847"]
[PlyCount "82"]
[EventDate "2024.07.29"]
[EventType "swiss"]
[EventRounds "9"]
[EventCountry "PER"]
[SourceTitle "EXT 2025"]
[Source "ChessBase"]
[SourceDate "2024.10.14"]
[SourceVersion "1"]
[SourceVersionDate "2024.10.14"]
[SourceQuality "1"]

1. d4 d5 2. c4 c6 3. Nf3 Nf6 4. e3 Bg4 5. Qb3 Qb6 6. Nc3 e6 7. Bd2 Nbd7 8. Qxb6 axb6 9. cxd5 exd5 10. Bd3 Bd6 11. Nh4 g5 12. Nf5 Bxf5 13. Bxf5 b5 14. f3 b4 15. Ne2 c5 16. dxc5 Bxc5 17. Nd4 Ne5 18. b3 h6 19. Ke2 0-0 20. Rhc1 b6 21. Be1 Rfe8 22. Kd2 g4 23. Bh4 Kg7 24. Rf1 gxf3 25. gxf3 Ng6 26. Rg1 Bxd4 27. exd4 Nh5 28. Bd7 Reb8 29. Bg3 Nxg3 30. hxg3 Ra3 31. Rgc1 Rba8 32. Ba4 b5 33. Bxb5 Rxa2+ 34. Rxa2 Rxa2+ 35. Rc2 Rxc2+ 36. Kxc2 Ne7 37. Kd3 f5 38. Ke3 Kf6 39. Bd7 Ng6 40. Be8 f4+ 41. gxf4 Ne7 1/2-1/2

[Event "South America-ch 2nd"]
[White "Quiroz Alva, Gian Carlo Gabriel"]
[Black "Cori Tello, Deysi Estella"]
[Site "Coliseo Miguel Grau"]
[Round "1"]
[Result "1/2-1/2"]
[Date "2024.07.29"]
[WhiteElo "1847"]
[BlackElo "2389"]
[PlyCount "109"]
[EventDate "2024.07.29"]
[EventType "swiss"]
[EventRounds "9"]
[EventCountry "PER"]
[SourceTitle "EXT 2025"]
[Source "ChessBase"]
[SourceDate "2024.10.14"]
[SourceVersion "1"]
[SourceVersionDate "2024.10.14"]
[SourceQuality "1"]

1. d4 g6 2. Bf4 Bg7 3. e3 d6 4. Nf3 Nd7 5. h3 e5 6. Bh2 Ne7 7. Be2 exd4 8. exd4 0-0 9. 0-0 Nf5 10. c3 Nb6 11. Nbd2 Bd7 12. Bd3 a5 13. Re1 a4 14. a3 h5 15. Bf4 Nd5 16. Bg5 f6 17. Bc4 Bc6 18. Bf4 Kh8 19. Bxd5 Bxd5 20. Qc2 Qd7 21. c4 Bg8 22. h4 g5 23. hxg5 fxg5 24. Bxg5 Nxd4 25. Nxd4 Bxd4 26. Be3 Bg7 27. Nf3 Rxf3 28. gxf3 Bh7 29. Qd2 Rg8 30. Kf1 Qh3+ 31. Ke2 Rf8 32. Rg1 Qxf3+ 33. Ke1 Bf6 34. Qe2 Qf5 35. Rd1 Re8 36. Rd5 Qb1+ 37. Rd1 Qe4 38. Qxh5 Bxb2 39. Rg4 Qc6 40. Rh4 Re7 41. Kf1 Bf6 42. Qh6 Rf7 43. Rf4 Bg7 44. Qh4 Rxf4 45. Qxf4 Bg6 46. Ke2 b5 47. cxb5 Qxb5+ 48. Ke1 Kg8 49. Rc1 Bf7 50. Qg4 c5 51. Qc8+ Kh7 52. Qh3+ Kg8 53. Qc8+ Kh7 54. Qh3+ Kg8 55. Qc8+ 1/2-1/2

[Event "Pan American-ch School U15 12th"]
[White "Quiroz Alva, Gian Carlo Gabriel"]
[Black "Chavez Bautista, Lennin Alfredo"]
[Site "Callao"]
[Round "2"]
[Result "1-0"]
[Date "2023.10.16"]
[WhiteElo "1729"]
[BlackElo "1453"]
[PlyCount "81"]
[EventDate "2023.10.16"]
[EventType "swiss"]
[EventRounds "9"]
[EventCountry "PER"]
[SourceTitle "CBM 217 Extra"]
[Source "ChessBase"]
[SourceDate "2024.01.31"]
[SourceVersion "1"]
[SourceVersionDate "2024.01.31"]
[SourceQuality "1"]

1. d4 d5 2. Bf4 Nf6 3. e3 c5 4. c3 Nc6 5. Nd2 Bf5 6. Qb3 Qd7 7. Ngf3 cxd4 8. exd4 e6 9. Ne5 Qc8 10. Bb5 a6 11. Bxc6+ bxc6 12. Bg3 Bd6 13. Qa4 Bxe5 14. Bxe5 0-0 15. Bxf6 gxf6 16. Nb3 Bc2 17. 0-0 Kh8 18. Rac1 Bxb3 19. axb3 e5 20. c4 Qb7 21. cxd5 cxd5 22. Rc6 Qe7 23. Rfc1 exd4 24. Qxd4 Qe5 25. Qd2 Rfe8 26. h3 Kg7 27. Rd1 Rab8 28. Rc3 h6 29. Re3 Qd6 30. Rg3+ Kh7 31. Qxd5 Re1+ 32. Kh2 Qxd5 33. Rxd5 Re2 34. Rd7 Rf8 35. Rf3 Rxb2 36. Rd6 Rb8 37. Rdxf6 R8xb3 38. Rxf7+ Kg6 39. R3f6+ Kg5 40. f4+ Kh5 41. Rh7 1-0

[Event "South America-ch"]
[White "Munoz Aguilera, Edward Godfred"]
[Black "Quiroz Alva, Gian Carlo Gabriel"]
[Site "Lima"]
[Round "7"]
[Result "0-1"]
[Date "2023.09.20"]
[WhiteElo "1238"]
[BlackElo "1668"]
[PlyCount "41"]
[EventDate "2023.09.14"]
[EventType "swiss"]
[EventRounds "9"]
[EventCountry "PER"]
[SourceTitle "CBM 216 Extra"]
[Source "ChessBase"]
[SourceDate "2023.11.30"]
[SourceVersion "1"]
[SourceVersionDate "2023.11.30"]
[SourceQuality "1"]

1. d4 d5 2. Nf3 Nf6 3. e3 Bf5 4. Bd3 Bg6 5. 0-0 e6 6. Qe2 Nbd7 7. Nbd2 Ne5 8. b3 Bb4 9. Bb2 Bc3 10. Bxc3 Nxd3 11. Qe1 c5 12. dxc5 Nxc5 13. Ne5 Bd3 14. Nxd3 Nxd3 15. cxd3 Rc8 16. Nf3 0-0 17. Qd2 b5 18. b4 a5 19. a3 axb4 20. axb4 Qe7 21. Qb2 0-1

[Event "South America-ch"]
[White "Quiroz Alva, Gian Carlo Gabriel"]
[Black "Marcelo Poma, Jaden Eduardo"]
[Site "Lima"]
[Round "2"]
[Result "1-0"]
[Date "2023.09.15"]
[WhiteElo "1668"]
[BlackElo "1161"]
[PlyCount "26"]
[EventDate "2023.09.14"]
[EventType "swiss"]
[EventRounds "9"]
[EventCountry "PER"]
[SourceTitle "CBM 216 Extra"]
[Source "ChessBase"]
[SourceDate "2023.11.30"]
[SourceVersion "1"]
[SourceVersionDate "2023.11.30"]
[SourceQuality "1"]

1. d4 Nf6 2. Bf4 d5 3. e3 e6 4. Nf3 Bd6 5. Bg3 0-0 6. Nbd2 b6 7. c3 Bb7 8. Bd3 c5 9. Ne5 Nbd7 10. Nxf7 Rxf7 11. Bxd6 Nf8 12. Bxc5 Rc8 13. Bxf8 Rxf8 1-0